The role of the model TSR factory (Record no. 52510)

MARC details
000 -LEADER
fixed length control field 00418nam a2200109Ia 4500
100 ## - MAIN ENTRY--AUTHOR NAME
Personal name Jacob J.[c]
245 #4 - TITLE STATEMENT
Title The role of the model TSR factory
260 ## - PUBLICATION, DISTRIBUTION, ETC. (IMPRINT)
Name of publisher Seminar on Developments in Block Rubber Processing, 24 May 2005, The Model TSR factory, Rubber Board, Manganam, Kottayam, India, pp. 1-5.
Year of publication 2005
650 ## - SUBJECT ADDED ENTRY--TOPICAL TERM
Topical Term Technically specified rubber factory
942 ## - ADDED ENTRY ELEMENTS (KOHA)
Koha item type Bibliography STAF
Holdings
Withdrawn status Lost status Damaged status Not for loan Home library Current library Date acquired Koha item type
      Bibliography RRII Library RRII Library 09/04/2014 Bibliography STAF